000 00391nam a2200157Ia 4500
008 230917s9999||||xx |||||||||||||| ||und||
040 _e3809
_aMAIN
041 _aEnglish
082 _a320.80973 D986P
100 _aDye, Thomas R
245 0 _aPolitics in states and communities
250 _a7th ed.
260 _aNew Jersey
_bPrentice-Hall
_c1991
300 _axvi, 512 p.
942 _cBK
999 _c93829
_d93829